Теоретическая механика: учебник для вузов

Бібліографічні деталі
Автор: Маркеев А. П. Анатолий Павлович
Резюме:Книга на китайском языке
Мова:Китайська
Опубліковано: Пекин, Высшее образование, 2012
Редагування:3-е изд.
Предмети:
Формат: Книга
KOHA link:https://koha.lib.tpu.ru/cgi-bin/koha/opac-detail.pl?biblionumber=340267

MARC

LEADER 00000nam0a2200000 4500
001 340267
005 20231102005224.0
010 |a 9787040185300 
035 |a (RuTPU)RU\TPU\book\367010 
090 |a 340267 
100 |a 20180312d2012 m y0rusy50 ca 
101 0 |a chi 
102 |a CN 
105 |a a j 001zy 
200 1 |a Теоретическая механика  |e учебник для вузов  |f А. П. Маркеев 
205 |a 3-е изд. 
210 |a Пекин  |c Высшее образование  |d 2012 
215 |a 409 с.  |c ил. 
300 |a Книга на китайском языке 
320 |a Библиогр.: с. 397 
320 |a Указ.: с. 399-406 
606 1 |a Механика теоретическая  |2 stltpush  |3 (RuTPU)RU\TPU\subj\59441  |9 76991 
610 1 |a физика 
610 1 |a динамика 
610 1 |a кинематика 
610 1 |a статика 
610 1 |a аналитическая механика 
610 1 |a исчисления 
610 1 |a интегралы 
610 1 |a теоремы 
610 1 |a законы 
610 1 |a методы 
610 1 |a задачи 
610 1 |a китайский язык 
610 1 |a учебные пособия 
675 |a 531(075.8)  |v 4 
700 1 |a Маркеев  |b А. П.  |g Анатолий Павлович 
801 1 |a RU  |b 63413507  |c 20180312 
801 2 |a RU  |b 63413507  |c 20180330  |g RCR 
942 |c BK